Detailed characteristics of post-discharge mortality in acute pancreatitis

The in-hospital survival of patients suffering from acute pancreatitis (AP) is 95-98%. However, there is growing evidence that patients discharged after AP may be at risk of serious morbidity and mortality. Here, we aimed to investigate the risk, causes, and predictors of the most severe consequence...

Teljes leírás

Elmentve itt :
Bibliográfiai részletek
Szerzők: Turcsiné Czapári Dóra
Váradi Alex
Borbásné Farkas Kornélia
Nyári Gergely
Márta Katalin
Váncsa Szilárd
Nagy Rita
Teutsch Brigitta
Bunduc Stefania
Erőss Bálint Mihály
Czakó László
Vincze Áron
Izbéki Ferenc
Papp Mária
Merkely Béla Péter
Szentesi Andrea Ildikó
Hegyi Péter
Imrei Marcell
Németh Balázs
Kui Balázs
Illés Dóra
Takács Tamás
Vitális Zsuzsanna
Varga Csaba
et al
Dokumentumtípus: Cikk
Megjelent: 2023
Sorozat:GASTROENTEROLOGY 165 No. 3
Tárgyszavak:
doi:10.1053/j.gastro.2023.05.028

mtmt:33864451
Online Access:http://publicatio.bibl.u-szeged.hu/29140
LEADER 03343nab a2200505 i 4500
001 publ29140
005 20231218132919.0
008 231218s2023 hu o 0|| Angol d
022 |a 0016-5085 
024 7 |a 10.1053/j.gastro.2023.05.028  |2 doi 
024 7 |a 33864451  |2 mtmt 
040 |a SZTE Publicatio Repozitórium  |b hun 
041 |a Angol 
100 2 |a Turcsiné Czapári Dóra 
245 1 0 |a Detailed characteristics of post-discharge mortality in acute pancreatitis  |h [elektronikus dokumentum] /  |c  Turcsiné Czapári Dóra 
260 |c 2023 
300 |a 682-695 
490 0 |a GASTROENTEROLOGY  |v 165 No. 3 
520 3 |a The in-hospital survival of patients suffering from acute pancreatitis (AP) is 95-98%. However, there is growing evidence that patients discharged after AP may be at risk of serious morbidity and mortality. Here, we aimed to investigate the risk, causes, and predictors of the most severe consequence of the post-AP period: mortality.2,613, well-characterized patients from twenty-five centers were collected and followed by the Hungarian Pancreatic Study Group between 2012 and 2021. A general and a hospital-based population was used as the control group.After an AP episode patients have an approximately three-fold higher incidence rate of mortality than the general population (0.0404vs.0.0130 person-years). First-year mortality after discharge was almost double than in-hospital mortality (5.5%vs.3.5%), with 3.0% occurring in the first 90-day period. Age, comorbidities, and severity were the most significant independent risk factors for death following AP. Furthermore, multivariate analysis identified creatinine, glucose, and pleural fluid on admission as independent risk factors associated with post-discharge mortality. In the first 90-day period, cardiac failure and AP-related sepsis were among the main causes of death following discharge, while cancer-related cachexia and non-AP-related infection were the key causes in the later phase.Almost as many patients in our cohort die in the first 90-day period after discharge as during their hospital stay. Evaluation of cardiovascular status, follow-up of local complications, and cachexia-preventing oncological care should be an essential part of post-AP patient care. Future study protocols in AP must include at least a 90-day follow-up period after discharge. 
650 4 |a Klinikai orvostan 
700 0 1 |a Váradi Alex  |e aut 
700 0 2 |a Borbásné Farkas Kornélia  |e aut 
700 0 2 |a Nyári Gergely  |e aut 
700 0 2 |a Márta Katalin  |e aut 
700 0 2 |a Váncsa Szilárd  |e aut 
700 0 2 |a Nagy Rita  |e aut 
700 0 2 |a Teutsch Brigitta  |e aut 
700 0 2 |a Bunduc Stefania  |e aut 
700 0 2 |a Erőss Bálint Mihály  |e aut 
700 0 2 |a Czakó László  |e aut 
700 0 2 |a Vincze Áron  |e aut 
700 0 2 |a Izbéki Ferenc  |e aut 
700 0 2 |a Papp Mária  |e aut 
700 0 2 |a Merkely Béla Péter  |e aut 
700 0 2 |a Szentesi Andrea Ildikó  |e aut 
700 0 2 |a Hegyi Péter  |e aut 
700 0 2 |a Imrei Marcell  |e aut 
700 0 2 |a Németh Balázs  |e aut 
700 0 2 |a Kui Balázs  |e aut 
700 0 2 |a Illés Dóra  |e aut 
700 0 2 |a Takács Tamás  |e aut 
700 0 2 |a Vitális Zsuzsanna  |e aut 
700 0 2 |a Varga Csaba  |e aut 
700 0 2 |a et al.  |e aut 
856 4 0 |u http://publicatio.bibl.u-szeged.hu/29140/1/Czapari.pdf  |z Dokumentum-elérés